000 00467nam a22001817a 4500
008 000000b xxu||||| |||| 00| 0 und d
015 _aNNB
020 _a978-9937-20215-2
_cRs.100.00
041 _aNep
082 _aN306.09
_bPo338s
_cN
100 _aPokhrel, Di. Ar.
245 _aSanskritiko serophero; sanskritik lekhharu
260 _aChitwan
_bBabu Ram Pandey
_c2064 B.S.
300 _a86p.
650 _aCulture
650 _aFestivals
942 _cGEN
_2ddc
999 _c70074
_d70060